[Event "Noisy le Grand op"]
[Site "Noisy le Grand"]
[Date "2003.??.??"]
[Round "2"]
[White "Amable, Roland"]
[Black "Dakhlaoui, Ridha"]
[Result "0-1"]
[WhiteElo "1830"]
[BlackElo "2110"]
[PlyCount "80"]
[EventDate "2003.05.??"]
[EventType "swiss"]
[EventRounds "7"]
[EventCountry "FRA"]
[SourceTitle "EXT 2005"]
[Source "ChessBase"]
[SourceDate "2004.11.15"]
[SourceVersion "1"]
[SourceVersionDate "2004.11.15"]
[SourceQuality "1"]

1. e4 c5 2. Nf3 d6 3. d4 cxd4 4. Nxd4 Nf6 5. Nc3 g6 6. Be3 Bg7 7. f3 0-0 8. Qd2 Nc6 9. g4 Ne5 10. Be2 Bd7 11. h4 Qa5 12. Nb3 Qc7 13. h5 Be6 14. hxg6 fxg6 15. Bh6 Bxh6 16. Qxh6 Nf7 17. Qd2 Rfd8 18. g5 Nd7 19. Nd4 Nf8 20. 0-0-0 Bc4 21. Nd5 Bxd5 22. exd5 Rdc8 23. Ne6 Nxe6 24. dxe6 Ne5 25. c3 Qa5 26. Kb1 Kg7 27. f4 Nc6 28. Bd3 Rh8 29. Qh2 h5 30. gxh6+ Kh7 31. Qg3 Rhg8 32. Rdg1 Qd5 33. Bxg6+ Kh8 34. f5 Ne5 35. Re1 Rac8 36. Rh4 Nf3 37. f6 Nxh4 38. Qxh4 Rxg6 39. Qd4 Qf5+ 40. Ka1 Rxf6 0-1

[Event "Noisy le Grand op"]
[Site "Noisy le Grand"]
[Date "2003.??.??"]
[Round "3"]
[White "Dakhlaoui, Ridha"]
[Black "Truong, Try"]
[Result "1/2-1/2"]
[WhiteElo "2110"]
[BlackElo "1840"]
[PlyCount "32"]
[EventDate "2003.05.??"]
[EventType "swiss"]
[EventRounds "7"]
[EventCountry "FRA"]
[SourceTitle "EXT 2005"]
[Source "ChessBase"]
[SourceDate "2004.11.15"]
[SourceVersion "1"]
[SourceVersionDate "2004.11.15"]
[SourceQuality "1"]

1. e4 g6 2. d4 Bg7 3. Bc4 e6 4. Be3 b6 5. Nc3 Bb7 6. h3 Ne7 7. d5 exd5 8. Bd4 0-0 9. Bxg7 Kxg7 10. Nxd5 Nxd5 11. Bxd5 Bxd5 12. Qxd5 c6 13. Qd4+ Kg8 14. h4 Qe7 15. h5 Qg5 16. h6 f6 1/2-1/2